Khảo sát sự kết tủa và hòa tan hoàn toàn muối Cachonat để ứng dụng trong phân tích Luận văn tốt nghiệp Đại học Sư phạm ngành Hóa Khóa 08
Αποθηκεύτηκε σε:
| Κύριος συγγραφέας: | |
|---|---|
| Μορφή: | Βιβλίο |
| Γλώσσα: | Undetermined |
| Έκδοση: |
Cần Thơ
Trường Đại học Cần Thơ, Khoa Sư phạm, Bộ môn Hóa
1986
|
| Ετικέτες: |
Προσθήκη ετικέτας
Δεν υπάρχουν, Καταχωρήστε ετικέτα πρώτοι!
|
| Thư viện lưu trữ: | Trung tâm Học liệu Trường Đại học Cần Thơ |
|---|
| LEADER | 00737nam a2200181Ia 4500 | ||
|---|---|---|---|
| 001 | CTU_26802 | ||
| 008 | 210402s9999 xx 000 0 und d | ||
| 082 | |a 543 | ||
| 082 | |b H307/1986 | ||
| 100 | |a Lê Thị Hiệp | ||
| 245 | 0 | |a Khảo sát sự kết tủa và hòa tan hoàn toàn muối Cachonat để ứng dụng trong phân tích | |
| 245 | 0 | |b Luận văn tốt nghiệp Đại học Sư phạm ngành Hóa Khóa 08 | |
| 245 | 0 | |c Lê Thị Hiệp | |
| 260 | |a Cần Thơ | ||
| 260 | |b Trường Đại học Cần Thơ, Khoa Sư phạm, Bộ môn Hóa | ||
| 260 | |c 1986 | ||
| 904 | |i Nguyễn Quang Điền, 981020 | ||
| 980 | |a Trung tâm Học liệu Trường Đại học Cần Thơ | ||